South Eastern Kenya University

Library Online Public Access Catalogue


The changing basis of political conflict in advanced western democracies : (Record no. 4138)

MARC details
000 -LEADER
fixed length control field 00622cam a2200157 i 4500
020 ## - INTERNATIONAL STANDARD BOOK NUMBER
International Standard Book Number 9781137306647 (hardback : alk. paper)
050 00 - LIBRARY OF CONGRESS CALL NUMBER
Classification number HM753
Item number .A79 2013
100 1# - MAIN ENTRY--PERSONAL NAME
Personal name Arwine, Alan.
245 14 - TITLE STATEMENT
Title The changing basis of political conflict in advanced western democracies :
Remainder of title the politics of identity in the United States, the Netherlands, and Belgium /
Statement of responsibility, etc. Alan Arwine, The University of Kansas and Lawrence Mayer, Texas Tech University.
250 ## - EDITION STATEMENT
Edition statement First edition.
300 ## - PHYSICAL DESCRIPTION
Extent xiii, 119 pages ;
650 #0 - SUBJECT ADDED ENTRY--TOPICAL TERM
Form subdivision Case studies.
650 #0 - SUBJECT ADDED ENTRY--TOPICAL TERM
Form subdivision Case studies.
650 #0 - SUBJECT ADDED ENTRY--TOPICAL TERM
General subdivision Political activity
Form subdivision Case studies.
942 ## - ADDED ENTRY ELEMENTS (KOHA)
Source of classification or shelving scheme Library of Congress Classification
Koha item type General circulation
Holdings
Withdrawn status Lost status Source of classification or shelving scheme Damaged status Not for loan Home library Current library Shelving location Date acquired Total Checkouts Full call number Barcode Date last seen Koha item type Public note
    Library of Congress Classification     Main Campus Library Main Campus Library General Stacks 24/06/2015   HM753 .A79 2013 2015/000499 24/06/2015 General circulation amm
Kitui, Kenya.
+254736116989
library@seku.ac.ke